|
|
|
|
| LEADER |
01134nam a2200241 a 4500 |
| 001 |
00026191 |
| 008 |
121031s2011 enk b 001 0 eng d |
| 020 |
|
|
|a 1475019580
|
| 020 |
|
|
|a 9781475019582
|
| 040 |
|
|
|a BD-DhAAL
|c BD-DhAAL
|
| 082 |
0 |
0 |
|a 363.34525
|2 22
|
| 245 |
0 |
0 |
|a Managing urban disaster recovery :
|b policy, planning, concepts and cases /
|c editors, Edward J Blakely [et al]
|
| 260 |
|
|
|a Berkshire, UK :
|b Crisis Response Publications,
|c 2011.
|
| 300 |
|
|
|a 230 p. :
|b ill. (some col.) ;
|c 23 cm.
|
| 504 |
|
|
|a Includes bibliographical references [p. 214-229]
|
| 541 |
1 |
|
|e 00026191
|
| 650 |
|
0 |
|a Emergency management
|
| 650 |
|
0 |
|a Emergency management
|v Case studies.
|
| 700 |
1 |
|
|a Blakely, Edward J.
|
| 852 |
1 |
|
|a Ayesha Abed Librar
|j General shelf
|
| 999 |
|
|
|c 12935
|d 12935
|
| 952 |
|
|
|0 0
|1 0
|4 0
|6 363_345250000000000_MAN
|7 0
|9 21363
|a BRACUL
|b BRACUL
|c GEN
|d 2012-10-31
|e Trim Education
|g 4300.00
|l 0
|o 363.34525 MAN
|p 3010026191
|r 2012-10-31
|t 1
|w 2012-10-31
|y BK
|
| 952 |
|
|
|0 0
|1 0
|4 0
|6 363_345250000000000_MAN
|7 0
|9 21364
|a BRACUL
|b BRACUL
|c GEN
|d 2012-10-31
|e Trim Education
|g 4300.00
|l 1
|m 3
|o 363.34525 MAN
|p 3010026192
|r 2013-02-09
|s 2012-12-17
|t 2
|w 2012-10-31
|y BK
|